All provinces and territories of Canada - Statistics

General Stats
  • This quiz has been taken 16 times
  • The average score is 10 of 13
Answer Stats
Hint Answer % Correct
. Ontario
93%
. Quebec
93%
. Newfoundland and Labrador
87%
. Manitoba
80%
. Prince Edward Island
80%
. Alberta
73%
. New Brunswick
73%
. Northwest Territories
73%
. Nunavut
73%
. Saskatchewan
73%
. British Columbia
67%
. Nova Scotia
67%
. Yukon
67%
No matching quizzes found
Score Distribution
Percent of People with Each Score
Percentile by Number Answered
Your Score History
You have not taken this quiz